Let's drive, Henry Ford! / (Record no. 7852)

MARC details
000 -LEADER
fixed length control field 00937nam a22003017a 4500
001 - CONTROL NUMBER
control field 7852
003 - CONTROL NUMBER IDENTIFIER
control field FISKH
005 - DATE AND TIME OF LATEST TRANSACTION
control field 20250812094136.0
008 - FIXED-LENGTH DATA ELEMENTS--GENERAL INFORMATION
fixed length control field 250812b cb ||||| |||| 00| 0 eng d
020 ## - INTERNATIONAL STANDARD BOOK NUMBER
International Standard Book Number 9780439676243
040 ## - CATALOGING SOURCE
Original cataloging agency CQF
Transcribing agency CQF
Modifying agency OCLCQ
-- DLC
Language of cataloging eng
050 ## - LIBRARY OF CONGRESS CALL NUMBER
Classification number CT275.F68 R66
082 ## - DEWEY DECIMAL CLASSIFICATION NUMBER
Classification number 921
100 1# - MAIN ENTRY--PERSONAL NAME
Personal name Roop, Peter
Dates associated with a name (1951-)
245 10 - TITLE STATEMENT
Title Let's drive, Henry Ford! /
Statement of responsibility, etc. By Peter and Connie Roop.
250 ## - EDITION STATEMENT
Edition statement This edition first published in 2004
260 ## - PUBLICATION, DISTRIBUTION, ETC.
Place of publication, distribution, etc. New York :
Name of publisher, distributor, etc. Scholastic,
Date of publication, distribution, etc. 2004.
300 ## - PHYSICAL DESCRIPTION
Extent 59 pages :
Other physical details illustrations ;
Dimensions 20 cm.
505 ## - FORMATTED CONTENTS NOTE
Formatted contents note R<br/>
520 ## - SUMMARY, ETC.
Summary, etc. Discusses the events in Henry Ford's life up until he invented his famous assembly line cars.<br/>
521 ## - TARGET AUDIENCE NOTE
Target audience note 700<br/>
Source Lexile<br/>
521 ## - TARGET AUDIENCE NOTE
Target audience note R<br/>
Source Raz-Plus<br/>
650 #0 - SUBJECT ADDED ENTRY--TOPICAL TERM
Topical term or geographic name entry element Automobile industry and trade
Geographic subdivision United States
650 #0 - SUBJECT ADDED ENTRY--TOPICAL TERM
Topical term or geographic name entry element Juvenile literature.
Geographic subdivision Biographies
700 1# - ADDED ENTRY--PERSONAL NAME
Personal name Roop, Connie
942 ## - ADDED ENTRY ELEMENTS (KOHA)
Source of classification or shelving scheme Dewey Decimal Classification
Koha item type Books
Suppress in OPAC No
Holdings
Withdrawn status Lost status Source of classification or shelving scheme Damaged status Not for loan Collection Home library Current library Shelving location Date acquired Total Checkouts Full call number Barcode Date last seen Copy number Price effective from Koha item type
    Dewey Decimal Classification     Juvenile Fiction Footprints International School Library Network Toul Tom Poung Campus Footprints International School Library Network Toul Tom Poung Campus TTP Primary Orange Bookshelves 08/12/2025   ROO 921 CT275.F68 R66 FISBK05167 08/12/2025 1 08/12/2025 Books